| 000 | 00000nam##2200000za#4500 |
| 001 | 9.523695 |
| 003 | CaOODSP |
| 005 | 20200327021409 |
| 007 | ta |
| 008 | 150406|1992||||xxc||||| f|0| 0 fre|d |
| 040 | |aCaOODSP|bfre |
| 041 | |aeng |
| 041 | |afre |
| 043 | |an-cn--- |
| 086 | 1 |aFs97-6/1900F |
| 110 | 1 |aCanada. |bMinistère des pêches et des océans. |
| 245 | 10|aAtlas de la pêche à la crevette nordique (Pandalus borealis) dans le golfe du Saint-Laurent 1982-1991: captures, effort, rendement, saison / |cpar Y. Simard et al. |
| 260 | |aOttawa - Ontario : |bPêches et Océans Canada |c1992. |
| 300 | |avi, 73p. : |bfigures, références, tableaux ; |c28 cm. |
| 490 | 1 |aRapport technique canadien des sciences halieutiques et aquatiques|v1900 |
| 500 | |aPréparé par la Direction des Sciences biologiques, Ministère des Pêches et des Océans, Institut Maurice-Lamontagne C.P. 1000, 850, route de la Mer Mont-Joli, (Quebec) G5H 3Z4. |
| 546 | |aAbstracts in English.) Bilingue |
| 563 | |aCouverture souple |
| 691 | 07|aCrustacé|2gcpds |
| 691 | 07|aPêcheries|2gcpds |
| 720 | 1 |aSimard, Y. |
| 776 | 0#|tAtlas of the northern shrimp (Pandalus borealis) fishing in the Gulf of St. Lawrence 1982-1991 : |w(CaOODSP)9.588139 |
| 791 | |tAtlas of the northern shrimp (Pandalus borealis) fishing in the Gulf of St. Lawrence 1982-1991: catch, effort, yield, season / |eeng|w(CaOODSP)9.523694 |
| 830 | #0|aRapport technique canadien des sciences halieutiques et aquatiques ;|v1900|w(CaOODSP)9.513051 |